The Penguin atlas of Medieval History (Record no. 10560)
[ view plain ]
| 000 -LEADER | |
|---|---|
| fixed length control field | 00392nam a22001577a 4500 |
| 005 - DATE AND TIME OF LATEST TRANSACTION | |
| control field | 20170822175143.0 |
| 008 - FIXED-LENGTH DATA ELEMENTS--GENERAL INFORMATION | |
| fixed length control field | 160426b xxu||||| |||| 00| 0 eng d |
| 020 ## - INTERNATIONAL STANDARD BOOK NUMBER | |
| International Standard Book Number | 0-14-051152-0 |
| 040 ## - CATALOGING SOURCE | |
| Modifying agency | BSU |
| 082 ## - DEWEY DECIMAL CLASSIFICATION NUMBER | |
| Edition number | 21 |
| Classification number | 909.09 EVE |
| 100 ## - MAIN ENTRY--PERSONAL NAME | |
| Personal name | McEvedy,Colin |
| 9 (RLIN) | 18415 |
| 245 ## - TITLE STATEMENT | |
| Title | The Penguin atlas of Medieval History |
| 260 ## - PUBLICATION, DISTRIBUTION, ETC. (IMPRINT) | |
| Place of publication, distribution, etc | USA |
| Name of publisher, distributor, etc | Penguin Books |
| 300 ## - PHYSICAL DESCRIPTION | |
| Extent | x,265p. |
| 942 ## - ADDED ENTRY ELEMENTS (KOHA) | |
| Source of classification or shelving scheme | Dewey Decimal Classification |
| Item type | Books |
| Withdrawn status | Lost status | Source of classification or shelving scheme | Damaged status | Not for loan | Collection code | Home library | Current library | Shelving location | Date acquired | Source of acquisition | Total Checkouts | Full call number | Barcode | Date last seen | Copy number | Price effective from | Koha item type |
|---|---|---|---|---|---|---|---|---|---|---|---|---|---|---|---|---|---|
| Dewey Decimal Classification | Main Library | Main Library | 26/04/2016 | Donation | 909.09 EVE | 25128 | 26/04/2016 | 1 | 26/04/2016 | Books |